000 00348 a2200121 4500
000 nam a22 7a 4500
005 20260211165427.0
020 _a9789348157492
100 _aEd. Zakir Hussain Zakir
_91115386
245 _aAmir Khusro : Vyaktittva, Chintan Aur Sampoorna Hindavi Kalam
260 _bRadhakrishna Prakashan
_c2025
942 _cTEXL
999 _c1679412
_d1679412